| 000 | 00470nab a2200145Ia 4500 | ||
|---|---|---|---|
| 003 | ES-SlBCS | ||
| 005 | 20210601132055.0 | ||
| 008 | 140529s2001 xxu||||| |||| 00| 0 ger d | ||
| 041 | _ager | ||
| 100 | 1 |
_aMolinski, Waldemar _920618 |
|
| 245 | 0 | 0 |
_aEthische Probleme des reproduktiven und therapeutischen Klonens _c Waldemar Molinski |
| 650 | 0 | 4 |
_aReproducción Artificial _9152541 |
| 773 | 0 |
_tNeue Ordnung (Die) _gvol. 55, nº. 1, 2001, págs. 28-38 _wRev294 |
|
| 942 | _cAR | ||
| 999 |
_c573835 _d573835 |
||